LEADER 01097cam--2200385---450 001 990003319340203316 005 20180510111713.0 010 $a88-430-2280-6 035 $a000331934 035 $aUSA01000331934 035 $a(ALEPH)000331934USA01 035 $a000331934 100 $a20090925d2002----km-y0itay50------ba 101 $aita 102 $aIT 105 $a||||||||001yy 200 1 $aInchiesta sulle carceri italiane$fa cura di Stefano Anastasia e Patrizio Gonnella 210 $aRoma$cCarocci$d2002 215 $a236 p.$d22 cm 410 0$12001 454 1$12001 461 1$1001-------$12001 606 0 $aDetenuti$xInchieste$yItalia$2BNCF 676 $a365.945 702 1$aANASTASIA,$bStefano 702 1$aGONNELLA,$bPatrizio 801 0$aIT$bsalbc$gISBD 912 $a990003319340203316 951 $a365.945 INC 1$b64616 G.$c365.945 INC$d00228597 959 $aBK 969 $aECO 979 $aFIORELLA$b90$c20090925$lUSA01$h1029 979 $aFIORELLA$b90$c20090925$lUSA01$h1034 996 $aInchiesta sulle carceri italiane$91121055 997 $aUNISA LEADER 04086nam 2200613 450 001 9910789145403321 005 20230803034318.0 010 $a1-59558-948-1 035 $a(CKB)3710000000077632 035 $a(EBL)1340971 035 $a(OCoLC)859248553 035 $a(SSID)ssj0001062009 035 $a(PQKBManifestationID)12357530 035 $a(PQKBTitleCode)TC0001062009 035 $a(PQKBWorkID)11131089 035 $a(PQKB)10841415 035 $a(MiAaPQ)EBC1340971 035 $a(EXLCZ)993710000000077632 100 $a20130910h20132013 uy| 0 101 0 $aeng 135 $aur|n|---||||| 181 $ctxt 182 $cc 183 $acr 200 10$aBlue future $eprotecting water for people and the planet forever /$fMaude Barlow 210 1$aNew York :$cNew Press, The,$d[2013] 210 4$dİ2013 215 $a1 online resource (337 p.) 300 $aDescription based upon print version of record. 311 $a1-59558-947-3 320 $aIncludes bibliographical references and index. 327 $aIntroduction; Principle One: Water Is a Human RIght; 1. The Case for the Right to Water; 2. The Fight for the Right to Water; 3. Implementing the Right to Water; 4. Paying for Water for All; PrInciple Two: Water Is a Common HerItage; 5. Water - Commons or Commodity?; 6. Targeting Public Water Services; 7. The Loss of the Water Commons Devastates Communities; 8. Reclaiming the Water Commons; PrInciple Three: Water Has Rights Too; 9. The Trouble with "Modern Water"; 10. Corporate Control of Farming Is Extinguishing Water; 11. Energy Demands Place an Unsustainable Burden on Water 327 $a12. Putting Water at the Centre of Our LivesPrInciple Four: Water Can Teach Us How to LIve Together; 13. Confronting the Tyranny of the One Percent; 14. Creating a Just Economy; 15. Protecting Land, Protecting Water; 16. A Road Map to Conflict or to Peace?; Notes; Further ReadIng; Acknowledgements; Index 330 $a"In her bestselling books Blue Gold and Blue Covenant, world-renowned water activist Maude Barlow exposed the battle for ownership of our dwindling water supply and the emergence of an international, grassroots-led movement to reclaim water as a public good. Since then, the United Nations has recognized access to water as a basic human right-but there is still much work to be done to stem this growing crisis. In this major new book, Barlow draws on her extensive experience and insight to lay out a set of key principles that show the way forward to what she calls a "water-secure and water-just world." Not only does she reveal the powerful players even now impeding the recognition of the human right to water, she argues that water must not become a commodity to be bought and sold on the open market. Focusing on solutions, she includes stories of struggle and resistance from marginalized communities, as well as government policies that work for both people and the planet. At a time when climate change has moved to the top of the national agenda and when the stage is being set for unprecedented drought, mass starvation, and the migration of millions of refugees in search of water, Blue Future is an urgent call to preserve our most valuable resource for generations to come. "--$cProvided by publisher. 606 $aWater resources development$xEconomic aspects 606 $aWater resources development$xGovernment policy 606 $aWater rights$xGovernment policy 606 $aWater-supply$xPolitical aspects 606 $aWater-supply$xEconomic aspects 615 0$aWater resources development$xEconomic aspects. 615 0$aWater resources development$xGovernment policy. 615 0$aWater rights$xGovernment policy. 615 0$aWater-supply$xPolitical aspects. 615 0$aWater-supply$xEconomic aspects. 676 $a333.91 676 $a333.91/116 700 $aBarlow$b Maude$01573193 801 0$bMiAaPQ 801 1$bMiAaPQ 801 2$bMiAaPQ 906 $aBOOK 912 $a9910789145403321 996 $aBlue future$93848816 997 $aUNINA